Turismo, estado y promoción de Costa Rica (1870-1940) /

Na minha lista:
Detalhes bibliográficos
Autor principal: Urbina Gaitán, Chester Rodolfo
Formato: Desconhecido
Idioma:Spanish
Assuntos:
Tags: Adicionar Tag
Sem tags, seja o primeiro a adicionar uma tag!

MARC

LEADER 000000000a22000000004500
001 007461
041 0 |a spa 
100 1 |a Urbina Gaitán, Chester Rodolfo 
245 1 0 |a Turismo, estado y promoción de Costa Rica (1870-1940) /   |c Chester Rodolfo Urbina Gaitán. 
650 4 |a TURISMO 
650 4 |a COSTA RICA 
650 4 |a ORIGEN 
650 4 |a NACIONALISMO 
650 4 |a TURISMO 
650 4 |a ESTADÍSTICA - 1907 - 1940 
773 0 |x 0252-8479  |d Heredia, Costa Rica : Instituto de Estudios Latinoamericanos (IDELA)  |t Repertorio Americano. Nueva Época  |g número 8 (1999), páginas 51-58 
942 |c ARC 
999 |c 13499  |d 13499